Sports Quiz

Random Sports or Cricket Quiz

Cricket according to the letter F Quiz Stats

 Plays Quiz not verified by Sporcle

Challenge
Share
Tweet
Embed
Score 0/40 Timer 09:00
1 Play Today
Hint Answer % Correct
FIRST 2 ICC ASSOCIATE MEMBER COUNTRIESFrance
85.3%
FIRST 8 BATSMEN TO 1,500 TEST RUNSAndrew Flintoff
78.4%
FIRST 8 BOWLERS TO 75 TEST WICKETSAndrew Flintoff
78.4%
FIRST 2 ICC ASSOCIATE MEMBER COUNTRIESFiji
74.6%
FIRST 2 TOWNS/CITIES TO HOST A TESTFaisalabad
74%
FIRST 6 WKs TO MAKE A TEST STUMPINGJames Foster
73.8%
FIRST 8 BOWLERS TO 75 TEST WICKETSNeil Foster
73.6%
FIRST 8 BATSMEN TO 1,500 TEST RUNSStephen Fleming
69.4%
FIRST 8 BOWLERS TO 75 TEST WICKETSDamien Fleming
69.2%
FIRST 5 BATSMEN TO 100 T20 INT. RUNSStephen Fleming
69.2%
FIRST 5 BATSMEN TO 100 T20 INT. RUNSAaron Finch
67.7%
FIRST 8 BOWLERS TO 75 TEST WICKETSAngus Fraser
65.4%
FIRST 8 BATSMEN TO 1,500 TEST RUNSAubrey Faulkner
65%
FIRST 8 BOWLERS TO 75 TEST WICKETSAubrey Faulkner
65%
FIRST 8 BATSMEN TO 1,500 TEST RUNSAndy Flower
64.8%
FIRST 8 BATSMEN TO 1,500 TEST RUNSGrant Flower
64.8%
FIRST 6 WKs TO MAKE A TEST STUMPINGAndy Flower
64.8%
FIRST 8 BOWLERS TO 75 TEST WICKETSSteven Finn
63.5%
2013 COUNTY CHAMPIONSHIP LEADING WICKET TAKERSSteven Finn
63.5%
FIRST 8 BATSMEN TO 1,500 TEST RUNSKeith Fletcher
57.2%
Hint Answer % Correct
FIRST 5 BATSMEN TO 100 T20 INT. RUNSAndre Fletcher
57.2%
2013 COUNTY CHAMPIONSHIP LEADING WICKET TAKERSLuke Fletcher
57.2%
FIRST 6 WKs TO MAKE A TEST STUMPINGBruce French
56%
FIRST 3 UMPIRES TO STAND IN 10 TESTSDick French
55.6%
FIRST 8 BOWLERS TO 75 TEST WICKETSJames Franklin
55.3%
FIRST 5 BATSMEN TO 100 T20 INT. RUNSJames Franklin
55.3%
FIRST 5 BATSMEN TO 100 T20 INT. RUNSPeter Fulton
53.9%
FIRST 3 UMPIRES TO STAND IN 10 TESTSKandiah Francis
46.5%
FIRST 8 BATSMEN TO 1,500 TEST RUNSRoy Fredericks
46.1%
FIRST 2 TOWNS/CITIES TO HOST A TESTFatullah
43.4%
2013 COUNTY CHAMPIONSHIP LEADING WICKET TAKERSPaul Franks
43.4%
2013 COUNTY CHAMPIONSHIP LEADING WICKET TAKERSJames Fuller
43.4%
FIRST 8 BATSMEN TO 1,500 TEST RUNSImran Farhat
42.6%
FIRST 6 WKs TO MAKE A TEST STUMPINGGeorge Fullerton
35.6%
FIRST 8 BOWLERS TO 75 TEST WICKETSDilhara Fernando
33.3%
FIRST 6 WKs TO MAKE A TEST STUMPINGBill Farrimond
32.1%
FIRST 6 WKs TO MAKE A TEST STUMPINGMike Findlay
30.8%
FIRST 3 UMPIRES TO STAND IN 10 TESTSArthur Fagg
30.6%
2013 COUNTY CHAMPIONSHIP LEADING WICKET TAKERSMark Footitt
17.4%
2013 COUNTY CHAMPIONSHIP LEADING WICKET TAKERSOlly Freckingham
1.9%

You're not logged in!

Compare scores with friends on all Sporcle quizzes.
OR
Log In

You Might Also Like...

Show Comments

Extras

Top Quizzes Today


Score Distribution

Your Account Isn't Verified!

In order to create a playlist on Sporcle, you need to verify the email address you used during registration. Go to your Sporcle Settings to finish the process.

Report this User

Report this user for behavior that violates our Community Guidelines.

Details: